000 00544nam a2200181 i 4500
001 31254
003 ES-MaACL
005 20230906154339.0
007 t|
008 030128s1973 sp ||||1| spa d
100 1 _aBeaudot, Alain.
_926810
245 1 3 _aLa creatividad en la escuela /
_cAlain Beaudot ; prefacio de E. Paul Torrance ; traducción por Diorki.
260 _aMadrid :
_bStudium,
_c[1973]
300 _a150 p. ;
_c18 cm.
700 1 _aTorrance, Paul E.
_9110716
710 2 _aDiorki.
_93392
852 _aES-MaACL
_jE-8967
_bR.93377
999 _c31254
_d31254